| 000 | 00644 a2200181 4500 | ||
|---|---|---|---|
| 003 | Nust | ||
| 005 | 20170207153241.0 | ||
| 040 | _cNust | ||
| 082 | _a621.381533 | ||
| 100 | _aAlexander Schure | ||
| 245 |
_aCrystal Oscillators _cAlexander Schure |
||
| 250 | _a1st ed. | ||
| 260 |
_aNew York _bJohn F. Rider _c1955 |
||
| 300 | _a64p | ||
| 505 | _aReview Of Oscillation Principles (Page-1),Basic Quartz Crystal Oscillator (Page-6),Crystal Techniques (Page-21),Popular Crystal Oscillator Circuits (Page-38),Harmonic And Overtone Crystal Oscillator Circuits (Page-47). | ||
| 538 | _aAlmirah No.35 Shelf No.6 | ||
| 650 | _aTelecommunication Engineering | ||
| 942 |
_2ddc _cBK |
||
| 999 |
_c182414 _d182414 |
||